Statistics for German Logo-Quiz #2

Click here to take the quiz!

General Stats

  • This quiz has been taken 34 times
  • The average score is 13 of 20

Answer Stats

Answer% Correct
Porsche
97%
Deutsche Post
90%
Haribo
90%
Mercedes-Benz
90%
Deutsche Bahn
87%
Knorr
87%
Allianz
83%
Tchibo
80%
Müller Handels GmbH & Co. KG
73%
Nordsee
73%
Paulaner Brauerei
73%
RTL Television
70%
Zalando
67%
dm-drogerie markt
53%
SAP
43%
Meggle
33%
Condor Flugdienst
30%
Sixt
30%
Bild
17%
Hapag-Lloyd
13%

Score Distribution

Percentile by Number Answered

Percent of People with Each Score

Your Score History

You have not taken this quiz